Polskie miasta na L według podpowiedzi - Statystyki

Ogólne statystyki
  • Ten quiz został rozwiązany 268 razy
  • Średni wynik to 5 z 10
Statystyki odpowiedzi
Podpowiedź Miasto % Poprawnych
Znane z miedzi i klubu piłkarskiego Zagłębie. Lubin
96%
Na Placu Litewskim w tym mieście znajduje się portal do Wilna. Lublin
86%
Wielkopolskie miasto słynące z klubu żużlowego Unia. Leszno
78%
To małe miasto w północnej części woj. podlaskiego dzieli nazwę z dużym miastem w Saksonii. Lipsk
51%
Niedaleko miała miejsce bitwa przeciwko Mongołom, w której zginął Henryk Pobożny. Legnica
48%
Nazwę miastu nadał Bolesław Roja w 1919 r. na cześć polskiej formacji wojskowej. Legionowo
46%
Leży na obszarze Pomorza stanowiącym dawniej lenno Rzeczypospolitej Obojga Narodów. Lębork
40%
Stacja kolejowa w tym mieście nazywa się [nazwa miasta] koło Poznania. Luboń
29%
Leży na obszarze Beskidu Wyspowego, nad Sowlinką. Limanowa
25%
Znajduje się tam konkatedra diecezji rzymskokatolickiej, której główną siedzibą jest Zamość. Lubaczów
16%
Nie znaleziono quizów pasujących do podanych kryteriów
Rozkład punktacji
Procent ludzi z każdym wynikiem
Percentyl według liczby udzielonych odpowiedzi
Twoja historia wyników
Nie rozwiązałeś tego quizu